[Event "Sochi ChessAmateur op"]
[Site "Sochi"]
[Date "2018.04.02"]
[Round "3"]
[White "Forostyanaya, Sofiya"]
[Black "Karlov, Egor"]
[Result "1/2-1/2"]
[WhiteElo "1293"]
[BlackElo "1742"]
[PlyCount "65"]
[EventDate "2018.04.01"]
[EventType "swiss"]
[EventRounds "9"]
[EventCountry "RUS"]
[SourceTitle "CBM 184 Extra"]
[Source "ChessBase"]
[SourceDate "2018.06.28"]
[SourceVersion "1"]
[SourceVersionDate "2018.06.28"]
[SourceQuality "1"]

1. e4 e6 2. d4 d5 3. e5 c5 4. c3 Nc6 5. Nf3 Qb6 6. Bd3 Bd7 7. 0-0 cxd4 8. cxd4 Nxd4 9. Nxd4 Qxd4 10. Nc3 Qb6 11. b3 Ne7 12. Bb2 Ng6 13. Bxg6 hxg6 14. Rc1 Be7 15. Qd3 0-0 16. Qg3 Rac8 17. h4 Bb5 18. Rfd1 Qa6 19. Nxb5 Qxb5 20. Qg4 Qa5 21. a4 Rxc1 22. Rxc1 Qd2 23. Qd4 Qxd4 24. Bxd4 Bxh4 25. Bxa7 Ra8 26. Bd4 Bd8 27. Kf1 Kf8 28. Ke2 Ke7 29. Kd3 Kd7 30. Rh1 Bg5 31. g3 Bh6 32. Kc3 Kc6 33. Ra1 1/2-1/2